000 00335nam a2200145Ia 4500
005 20251222154314.0
008 251222s9999||||xx |||||||||||||| ||spa||
020 _a8428319367
082 _a537.074/C28
100 _aCarnicer Arroyo, E.
245 0 _aCalefacción
250 _a1ra.ed.
264 _bThomson Paraninfo
942 _cLIB
999 _c33511
_d33511